| 000 | 00666nam a2200193 i 4500 | ||
|---|---|---|---|
| 001 | 85447 | ||
| 003 | ES-MaACL | ||
| 005 | 20250930063105.0 | ||
| 007 | t| | ||
| 008 | 041129s1950 sp |||| | spa d | ||
| 100 | 0 |
_aJuan de Dios, _cSanto, _d1495-1550 _9163147 |
|
| 245 | 1 | 0 |
_aSan Juan de Dios _b: primicias históricas suyas / _cdispuestas y comentadas por Manuel Gómez-Moreno. |
| 260 |
_aMadrid : _b[s.n., _c1950] ( _fS. Aguirre) |
||
| 300 |
_a351 p. : _bretr. biog. ; _c20 cm. |
||
| 600 | 0 | 7 |
_aJuan de Dios, _cSanto, _d1495-1550 _2 _9163147 |
| 700 | 1 |
_aGómez-Moreno, Manuel, _d1870-1970 _958066 |
|
| 852 |
_aES-MaACL _jD-5261 |
||
| 999 |
_c85447 _d85447 |
||